00963nam a2200241 i 450000100060000000300090000600500170001500700030003200800410003510000330007624501410010925000150025026000420026530000220030749000530032965000320038265000460041470000290046083000630048985200310055299900170058395201210060091424ES-MaACL20250815104806.0t|050131s1978 sp ||||1| spa d1 aLévy-Bruhl, Lucien.97201413aLa mitología primitiva b: el mundo mitico de los austrailanos y de los papúes / cLucien Levy-Bruhl ; [traducción de R. Pochtari. a[1ª ed.]. a[Barcelona] : bPenínsula, c[1978] a293 p. ; c20 cm.1 aSerie universitaria. Historia, Ciencia, Sociedad 4aMitología papú.9157167 4aMitología aborigen australiana.91571681 aPochtar, Ricardo.99270300aSerie universitaria. pHistoria, ciencia, sociedad9182628 aES-MaACLjA-8698 bR.97918 c91424d91424 00104070aATENEOMbATENEOMcDEPO1d2008-01-17eSCl0oA-8698p1095449r2023-02-23 00:00:00w2023-02-23yMONOGRAFIA